Größte Stadt beginnend mit C in Diesem Land #2 - Statistiken

Allgemein
  • Dieses Quiz wurde 269 mal gespielt
  • Das Durchschnittsergebnis liegt bei 7 aus 15
Antwortstatistiken
Ĺand C-Stadt % Korrekt
Venezuela Caracas
87%
Marokko Casablanca
82%
Vereinigte Staaten Chicago
80%
Irland Cork
70%
Kolumbien Cali
50%
Kanada Calgary
47%
Belgien Charleroi
43%
Italien Catania
36%
Indien Chennai
34%
Brasilien Curitiba
30%
Portugal Coimbra
29%
Philippinen Cebu
22%
Frankreich Clermont-Ferrand
22%
China Chongqing
21%
Mexiko Culiacan
2%
Keine übereinstimmenden Quizze gefunden
Verteilung der Resultate
Anzahl Personen mit jedem Resultat
Perzentil nach korrekt beantworteten Fragen
Ihre Resultats-Entwicklung
Sie haben dieses Quiz noch nicht gespielt